Statistics for State Capitals Closest to Baltimore

Click here to take the quiz!

General Stats

  • This quiz has been taken 87 times
  • The average score is 9 of 10

Answer Stats

Distance (Miles)State Capital% Correct
22.5Annapolis
96%
129Richmond
96%
59.1Dover
94%
275.8Albany
93%
68.8Harrisburg
91%
277.2Charleston
89%
117Trenton
83%
267.8Hartford
81%
266.8Raleigh
81%
324.2Providence
74%

Score Distribution

Percentile by Number Answered

Percent of People with Each Score

Your Score History

You have not taken this quiz